Erase Africa by Capital Quiz Stats

 Plays Quiz Updated Jun 25, 2018

Also try: Erase Africa
Challenge
Share
Tweet
Score 0/54 Timer 06:00
79 Plays Today
% Correct
???
41.7%
???
41%
???
40.9%
???
40.7%
???
39.6%
???
39.1%
???
38.9%
???
38.8%
???
38.3%
???
37.8%
???
37.6%
???
36.8%
???
35.9%
???
35.4%
???
34.4%
???
33.9%
???
33.1%
???
33.1%
???
32%
???
31.9%
???
31.8%
???
31.7%
???
31.5%
???
31.1%
???
30%
???
29.6%
???
29.5%
% Correct
???
29.2%
???
29%
???
28.4%
???
28.2%
???
28.1%
???
28%
???
27.8%
???
27.7%
???
27.6%
???
27.5%
???
27.2%
???
27.1%
???
26.8%
???
26.8%
???
26.6%
???
26.6%
???
26.2%
???
25.8%
???
25.4%
???
25.3%
???
25.1%
???
23.8%
???
23.8%
???
23.1%
???
22.3%
???
21.4%
???
19.1%

You're not logged in!

Compare scores with friends on all Sporcle quizzes.
OR
Log In

You Might Also Like...

Show Comments

Extras

Top Quizzes Today


Score Distribution

Your Account Isn't Verified!

In order to create a playlist on Sporcle, you need to verify the email address you used during registration. Go to your Sporcle Settings to finish the process.

Report this User

Report this user for behavior that violates our Community Guidelines.

Details: